000 00709nam a2200253 a 4500
003 BD-RjUL
005 20250517161511.0
008 250517s1963 nju b 000 p eng d
035 _a(BD-RjUL)
040 _aDLC
_cDLC
_dm.c
_dEQO
_dBD-RjUL
_beng
041 _aeng
082 _a821.4
_bHUD 1954
_223
245 1 0 _aDryden's essays /
_cW.H. Hudson
260 _aLondon :
_bJ.M.Dent, ,
_cc1954.
300 _a302 p. ;
_c19 cm.
490 1 _aTwentieth century views
490 0 _aSpectrum book
504 _aBibliography: p. 186.
600 1 0 _aDryden, John,
_d1631-1700.
_915464
700 1 _aHudson, W.H.
_915465
830 0 _aTwentieth century views
_912452
942 _2ddc
_cBK
999 _c84928
_d84928